000 00638nam a22002057a 4500
003 OSt
005 20251010054447.0
008 251010b |||||||| |||| 00| 0 eng d
020 _a13 :978-0-7360-6919-9.
040 _aDWCL-Admin lib
_cOC
082 _aCirc. 796.4257 D145c 2008
100 _aDallan, George M.
245 _aChampionship triathlon training/
_cGeorge M. Dallan
260 _aChampagn, Ill. :
_bHuman Kinetics,
_cc2008
300 _ax, 309 . : ill. ;
_c26 cm.
504 _aIncludes bibliographical references & index.
650 _a1. Triathlon-Training
700 _aJonas, Steven
942 _2ddc
_cBK-CIRC
_kCirc.
_n0
999 _c4830
_d4830